Tribhuvan University Central Library

Innovation management (Record no. 76342)

MARC details
000 -LEADER
fixed length control field 00568nam a22002057a 4500
008 - FIXED-LENGTH DATA ELEMENTS--GENERAL INFORMATION
fixed length control field 150811b xxu||||| |||| 00| 0 eng d
082 ## - DEWEY DECIMAL CLASSIFICATION NUMBER
Edition number 2nd
Classification number 658.4063/K891i
100 ## - MAIN ENTRY--PERSONAL NAME
Personal name Krishnamacharyulo, C.S.G
245 ## - TITLE STATEMENT
Title Innovation management
260 ## - PUBLICATION, DISTRIBUTION, ETC.
Place of publication, distribution, etc. Mumbai
Name of publisher, distributor, etc. Himalaya Publishing House
Date of publication, distribution, etc. 2009.
300 ## - PHYSICAL DESCRIPTION
Other physical details 606p.
504 ## - BIBLIOGRAPHY, ETC. NOTE
Bibliography, etc. note Bibliography: p.575--581
650 ## - SUBJECT ADDED ENTRY--TOPICAL TERM
Topical term or geographic name entry element Management
650 ## - SUBJECT ADDED ENTRY--TOPICAL TERM
Topical term or geographic name entry element legal aspects
9 (RLIN) 16521
650 ## - SUBJECT ADDED ENTRY--TOPICAL TERM
Topical term or geographic name entry element innovations
650 ## - SUBJECT ADDED ENTRY--TOPICAL TERM
Topical term or geographic name entry element training methods
9 (RLIN) 10961
650 ## - SUBJECT ADDED ENTRY--TOPICAL TERM
Topical term or geographic name entry element creative thinking
9 (RLIN) 11430
700 ## - ADDED ENTRY--PERSONAL NAME
Personal name Lalitha, R
942 ## - ADDED ENTRY ELEMENTS (KOHA)
Source of classification or shelving scheme Dewey Decimal Classification
Koha item type General Collections
Holdings
Withdrawn status Lost status Source of classification or shelving scheme Damaged status Not for loan Home library Current library Date acquired Total Checkouts Full call number Barcode Date last seen Price effective from Koha item type
    Dewey Decimal Classification     Tribhuvan University Central Library Tribhuvan University Central Library 08/11/2015   658.4063/K898i 151965 08/11/2015 08/11/2015 Text Book Collections
    Dewey Decimal Classification     Tribhuvan University Central Library Tribhuvan University Central Library 08/11/2015   658.4063/K898i 151966 08/11/2015 08/11/2015 Text Book Collections